000 00701nam a2200289Ia 4500
005 20260324131721.0
008 008 260324s9999 xx 000 0 eng d
020 _a9780203639535
037 _aEBOOK
040 _aCRL
040 _beng
040 _cCRL
041 _2eng
041 _aeng
084 _qCRL
100 _aUlla Bjornberg; Anna-Karin Kollind
_91186558
245 0 _aIndividualism and Families
245 0 _bEquality, Autonomy and Togetherness
260 _bTaylor and Francis
260 _c2005
365 _a
365 _b145
856 _uhttp://www.taylorfrancis.com/books/9780203639535
942 _cEBOOK
999 _c1783992
_d1783992